La mora del acreedor

Saved in:
Bibliografiske detaljer
Hovedforfatter: Caballero Lozano, José María (Author)
Format: Bog
Sprog:spansk
Udgivet: Barcelona José María Bosch 1992
Serier:Biblioteca de Derecho Privado, 29
Fag:
Tags: Tilføj Tag
Ingen Tags, Vær først til at tagge denne postø!

MARC

LEADER 00000nam a2200000 a 4500
001 UCP6532
003 CL-VaPUC
008 991029e19920000SP |||||||||||||||||spa|d
082 0 4 |a 346.077  |b CAB  |2 21 
100 0 |a Caballero Lozano, José María  |e author  |9 435637 
245 1 3 |a La mora del acreedor 
300 |a 366 p 
942 |c BK 
945 |d 19991029 00:00:00  |a vberengu 
260 |a Barcelona  |b José María Bosch  |c 1992 
650 0 |a Derecho español  |9 255291 
650 0 |a Deudor y acreedor  |9 256643 
650 7 |a MORA  |2 CL-VaPUC  |9 259692 
650 0 |a Obligaciones   |9 255578 
583 |a last modification  |c 19991029 00:00:00  |k Rodrigo Vera 
490 0 |a Biblioteca de Derecho Privado, 29 
999 |c 284042  |d 284040 
952 |0 0  |1 0  |4 0  |6 346_077000000000000_CAB_1992  |7 0  |8 A  |9 327729  |a BIBDER  |b BIBDER  |d 2019-11-20  |i 3847187  |o 346.077 CAB 1992  |p 3847187  |r 2023-01-25  |w 2019-11-20  |y BK  |k DER